000 00362 a2200157 4500
001 185258
020 _a
040 _cMagnum
100 _aMoreira, Jose Carlos Barbosa
240 1 0 _aMonteiro Lobato: textos escolhidos
_lpor
245 1 0 _aMonteiro Lobato: textos escolhidos
300 _a116
362 0 _a1972
697 _aLITERATURA GERAL
942 _cBK
999 _c185258
_d185258